युगांतर (Record no. 335733)

MARC details
000 -LEADER
fixed length control field 00549nam a2200169Ia 4500
008 - FIXED-LENGTH DATA ELEMENTS--GENERAL INFORMATION
fixed length control field 090711s9999 xx 000 0 und d
082 ## - DEWEY DECIMAL CLASSIFICATION NUMBER
Item number 749
100 ## - MAIN ENTRY--PERSONAL NAME
Personal name Sाव्हाण यशवंतराव
245 ## - TITLE STATEMENT
Title युगांतर
260 ## - PUBLICATION, DISTRIBUTION, ETC. (IMPRINT)
Name of publisher, distributor, etc कॉन्टीनेन्टल प्रकाशन
Date of publication, distribution, etc 1999
300 ## - PHYSICAL DESCRIPTION
Extent 333
600 ## - SUBJECT ADDED ENTRY--PERSONAL NAME
Personal name Sाव्हाण यशवंतराव
630 ## - SUBJECT ADDED ENTRY--UNIFORM TITLE
Uniform title युगांतर
700 ## - ADDED ENTRY--PERSONAL NAME
Personal name Sाव्हाण यशवंतराव
730 ## - ADDED ENTRY--UNIFORM TITLE
Uniform title युगांतर
942 ## - ADDED ENTRY ELEMENTS (KOHA)
Koha item type Book

No items available.